[Event "Penang op-A 14th"]
[Site "Penang"]
[Date "2022.12.20"]
[Round "3"]
[White "Looi, Xin Hao"]
[Black "Poh, Yu Tian"]
[Result "0-1"]
[WhiteElo "2126"]
[BlackElo "2367"]
[PlyCount "114"]
[EventDate "2022.12.19"]
[EventType "swiss"]
[EventRounds "9"]
[EventCountry "MAS"]
[SourceTitle "CBM 211 Extra"]
[Source "ChessBase"]
[SourceDate "2023.01.31"]
[SourceVersion "1"]
[SourceVersionDate "2023.01.31"]
[SourceQuality "1"]

1. d4 Nf6 2. c4 g6 3. Nc3 d5 4. cxd5 Nxd5 5. g3 Bg7 6. Bg2 Nxc3 7. bxc3 c5 8. e3 Qa5 9. Ne2 cxd4 10. exd4 0-0 11. 0-0 Nc6 12. Qb3 Rd8 13. a4 Bg4 14. Nf4 e5 15. Qxb7 exf4 16. Qxc6 fxg3 17. hxg3 Rac8 18. Qb5 Qxc3 19. Bg5 Rb8 20. Qa6 Re8 21. Rac1 Qxd4 22. Rfe1 h5 23. Be3 Qb4 24. Qxa7 Bb2 25. Rb1 Bf5 26. Rbd1 Bc2 27. Bc6 Re7 28. Qc5 Bc3 29. Qxb4 Bxb4 30. Rf1 Bxd1 31. Rxd1 Rc8 32. Bb5 Rc2 33. Rd8+ Kg7 34. Ra8 Bc5 35. Bxc5 Rxc5 36. Rd8 h4 37. gxh4 Re4 38. Rd2 Rxh4 39. Rb2 Rg4+ 40. Kf1 Rc1+ 41. Ke2 Ra1 42. Rd2 f5 43. Rc2 Kh6 44. Rd2 Kg5 45. Rc2 Re4+ 46. Kf3 Ra3+ 47. Kg2 Kf4 48. Rd2 g5 49. Rb2 g4 50. Kf1 Ra1+ 51. Kg2 Ree1 52. Bc6 Rec1 53. Rb4+ Kg5 54. Bd5 f4 55. Rb5 Kh4 56. a5 Rg1+ 57. Kh2 g3+ 0-1

[Event "Online Olym Div2 B"]
[Site "Chess.com INT"]
[Date "2021.09.04"]
[Round "7.4"]
[White "Ahmed, Ali Layth Ahmed"]
[Black "Looi, Xin Hao"]
[Result "1-0"]
[WhiteElo "2253"]
[BlackElo "2101"]
[PlyCount "105"]
[EventDate "2021.09.02"]
[EventType "team (rapid)"]
[EventRounds "9"]
[EventCountry "USA"]
[SourceTitle "CBM 204 Extra"]
[Source "ChessBase"]
[SourceDate "2021.11.30"]
[SourceVersion "1"]
[SourceVersionDate "2021.11.30"]
[SourceQuality "1"]
[WhiteTeam "Iraq"]
[BlackTeam "Malaysia"]
[WhiteTeamCountry "IRQ"]
[BlackTeamCountry "MAS"]

1. d4 Nf6 2. c4 e6 3. Nf3 Bb4+ 4. Nbd2 0-0 5. a3 Be7 6. e4 d6 7. Qc2 Nfd7 8. g3 e5 9. Bg2 a5 10. b3 exd4 11. Nxd4 Bf6 12. Bb2 Re8 13. 0-0 Na6 14. Rad1 Ndc5 15. h3 c6 16. Rfe1 Qb6 17. N2f3 Bd7 18. Bc3 Rad8 19. Rb1 Bc8 20. b4 Nd7 21. b5 cxb5 22. Rxb5 Qa7 23. Nf5 Bxc3 24. Qxc3 Ne5 25. Nxe5 dxe5 26. Rxe5 Bxf5 27. exf5 Rxe5 28. Qxe5 h6 29. f6 g6 30. Qxa5 Qd4 31. Qe5 Qxc4 32. Qe7 Qd4 33. Bf3 Nc5 34. Rd1 Nd3 35. Qe3 Qxe3 36. fxe3 Rd7 37. Bg4 Rd5 38. e4 Rd4 39. Be2 Rxe4 40. Bxd3 Re6 41. Rf1 Re3 42. Bc4 Rxg3+ 43. Kh2 Rxa3 44. Kg2 Rc3 45. Bd5 Rc2+ 46. Kg3 b5 47. Re1 Rc3+ 48. Kg4 h5+ 49. Kh4 Rc7 50. Re7 Rc5 51. Bxf7+ Kf8 52. Bxg6 Rc8 53. Rh7 1-0

[Event "Online Olym Div3 A"]
[Site "Chess.com INT"]
[Date "2021.08.29"]
[Round "8.2"]
[White "Looi, Xin Hao"]
[Black "Khumnorkaew, Tupfah"]
[Result "1-0"]
[WhiteElo "2101"]
[BlackElo "2123"]
[PlyCount "99"]
[EventDate "2021.08.27"]
[EventType "team-tourn (rapid)"]
[EventRounds "9"]
[EventCountry "USA"]
[SourceTitle "CBM 204 Extra"]
[Source "ChessBase"]
[SourceDate "2021.11.30"]
[SourceVersion "1"]
[SourceVersionDate "2021.11.30"]
[SourceQuality "1"]
[WhiteTeam "Malaysia"]
[BlackTeam "Thailand"]
[WhiteTeamCountry "MAS"]
[BlackTeamCountry "THA"]

1. d4 Nf6 2. c4 c5 3. d5 g6 4. Nc3 Bg7 5. e4 d6 6. f4 0-0 7. Nf3 e6 8. Bd3 exd5 9. cxd5 b5 10. Bxb5 Nxe4 11. Nxe4 Qa5+ 12. Kf2 Qxb5 13. Nxd6 Qd7 14. Nxc8 Rxc8 15. Re1 Rd8 16. Be3 Na6 17. Qe2 Qb7 18. Rad1 Rac8 19. b3 Nb4 20. d6 Nd5 21. Qc4 Nc3 22. Rd3 Ne4+ 23. Kf1 Nxd6 24. Qd5 Qb5 25. a4 Qa6 26. Kg1 Nb7 27. Qc4 Qxc4 28. Rxd8+ Rxd8 29. bxc4 Rd3 30. Rb1 Rxe3 31. Rxb7 Rc3 32. Rxa7 Rxc4 33. Ne5 Bxe5 34. fxe5 Re4 35. a5 Rxe5 36. Rc7 c4 37. a6 Ra5 38. a7 Kg7 39. Kf2 h5 40. Ke3 c3 41. Kd3 Kf6 42. Kxc3 Ke6 43. Kb4 Ra1 44. Kb5 f5 45. Kb6 g5 46. Kb7 Rb1+ 47. Kc8 Ra1 48. Kb8 Kd6 49. Rb7 Rf1 50. a8Q 1-0

[Event "Online Olym Div3 A"]
[Site "Chess.com INT"]
[Date "2021.08.27"]
[Round "3.4"]
[White "Looi, Xin Hao"]
[Black "Doluweera, Minul Sanjula"]
[Result "1/2-1/2"]
[WhiteElo "2101"]
[BlackElo "2129"]
[PlyCount "73"]
[EventDate "2021.08.27"]
[EventType "team-tourn (rapid)"]
[EventRounds "9"]
[EventCountry "USA"]
[SourceTitle "CBM 204 Extra"]
[Source "ChessBase"]
[SourceDate "2021.11.30"]
[SourceVersion "1"]
[SourceVersionDate "2021.11.30"]
[SourceQuality "1"]
[WhiteTeam "Malaysia"]
[BlackTeam "Sri Lanka"]
[WhiteTeamCountry "MAS"]
[BlackTeamCountry "SRI"]

1. d4 Nf6 2. c4 e6 3. Nf3 d5 4. e3 c5 5. cxd5 exd5 6. Nc3 Nc6 7. Be2 cxd4 8. exd4 Bb4 9. 0-0 0-0 10. Bg5 Bxc3 11. bxc3 Qd6 12. Bxf6 Qxf6 13. Re1 Be6 14. Qa4 Rac8 15. Bb5 Bg4 16. Re3 Bxf3 17. Rxf3 Qd6 18. Bxc6 Qxc6 19. Qxa7 Ra8 20. Qc5 Qxc5 21. dxc5 Rfc8 22. h3 Rxc5 23. Rb1 b5 24. Rb2 Kf8 25. Re3 Ra3 26. Kh2 g6 27. Rd2 h5 28. h4 Raxc3 29. Rxc3 Rxc3 30. Rxd5 Rc4 31. g3 Rc2 32. Kg2 b4 33. Rb5 Rb2 34. Rb7 Kg7 35. Rb6 Kh6 36. Kf3 Kg7 37. Kg2 1/2-1/2

[Event "Zonal 3.3 Online"]
[Site "Tornelo INT"]
[Date "2021.05.05"]
[Round "5"]
[White "Looi, Xin Hao"]
[Black "Teh, Wee Zhun"]
[Result "1/2-1/2"]
[WhiteElo "2101"]
[BlackElo "1934"]
[PlyCount "45"]
[EventDate "2021.05.01"]
[EventType "swiss"]
[EventRounds "9"]
[EventCountry "PHI"]
[SourceTitle "CBM 202 Extra"]
[Source "ChessBase"]
[SourceDate "2021.07.31"]
[SourceVersion "1"]
[SourceVersionDate "2021.07.31"]
[SourceQuality "1"]

1. d4 d5 2. c4 c6 3. Nc3 Nf6 4. cxd5 cxd5 5. Bf4 Nc6 6. Nf3 Bf5 7. e3 e6 8. Bd3 Bxd3 9. Qxd3 Bd6 10. Bxd6 Qxd6 11. 0-0 0-0 12. Rfc1 Rfc8 13. h3 h6 14. Qe2 Qd8 15. Qb5 Qa5 16. Qxa5 Nxa5 17. b3 Nc6 18. Kf1 Kf8 19. Ke2 Ke7 20. Ne5 Nxe5 21. dxe5 Nd7 22. f4 a6 23. Rc2 1/2-1/2

[Event "Online Olym Div3 A"]
[Site "Chess.com INT"]
[Date "2020.08.09"]
[Round "7.2"]
[White "Hamad, Ahmad"]
[Black "Looi, Xin Hao"]
[Result "1-0"]
[WhiteElo "2207"]
[BlackElo "2101"]
[PlyCount "83"]
[EventDate "2020.08.07"]
[EventType "team-tourn (rapid)"]
[EventRounds "9"]
[EventCountry "USA"]
[SourceTitle "CBM 198"]
[Source "ChessBase"]
[SourceDate "2020.10.31"]
[SourceVersion "1"]
[SourceVersionDate "2020.10.31"]
[SourceQuality "1"]
[WhiteTeam "Syria"]
[BlackTeam "Malaysia"]
[WhiteTeamCountry "SYR"]
[BlackTeamCountry "MAS"]

1. b3 b6 2. Bb2 Bb7 3. e3 e6 4. f4 Nf6 5. Nf3 Be7 6. Rg1 h5 7. g3 d6 8. h3 Nbd7 9. a4 a6 10. g4 hxg4 11. hxg4 Ne4 12. g5 e5 13. b4 d5 14. d3 Nd6 15. Nxe5 Nxe5 16. Bxe5 f6 17. gxf6 Bxf6 18. Qg4 Bxe5 19. fxe5 Nf7 20. d4 Qe7 21. e6 0-0-0 22. exf7+ Kb8 23. Kd2 Bc8 24. Qxg7 Qxb4+ 25. Nc3 Rhf8 26. Bd3 Be6 27. Rgf1 Rd7 28. Rab1 Qd6 29. Qe5 Qxe5 30. dxe5 Rdxf7 31. Rxf7 Rxf7 32. Bxa6 Ka7 33. Bd3 Rf2+ 34. Ne2 c5 35. Bb5 c4 36. Rg1 Kb8 37. Rg6 Bf5 38. Rxb6+ Kc7 39. Rf6 c3+ 40. Ke1 Rxe2+ 41. Kxe2 Bxc2 42. Rc6+ 1-0

[Event "Penang op 11th"]
[Site "Penang"]
[Date "2019.12.11"]
[Round "5"]
[White "Wahono, Awam"]
[Black "Looi, Xin Hao"]
[Result "1/2-1/2"]
[WhiteElo "2313"]
[BlackElo "2075"]
[PlyCount "103"]
[EventDate "2019.12.09"]
[EventType "swiss"]
[EventRounds "9"]
[EventCountry "MAS"]
[SourceTitle "CBM 193 Extra"]
[Source "ChessBase"]
[SourceDate "2020.01.31"]
[SourceVersion "1"]
[SourceVersionDate "2020.01.31"]
[SourceQuality "1"]

1. e4 c6 2. d3 d5 3. Nd2 e5 4. Ngf3 Bd6 5. g3 Nf6 6. Bg2 Nbd7 7. 0-0 0-0 8. Re1 Re8 9. h3 Qc7 10. Nf1 Bf8 11. N3h2 g6 12. Ne3 dxe4 13. dxe4 Nc5 14. Neg4 Nxg4 15. Nxg4 Bxg4 16. Qxg4 Ne6 17. c3 Rad8 18. h4 h5 19. Qf3 Nc5 20. Bf1 Qd7 21. b4 Na4 22. Bc4 b5 23. Bb3 Nb6 24. Bg5 Rc8 25. Rad1 Qb7 26. g4 hxg4 27. Qxg4 Nc4 28. Rd3 Bg7 29. Red1 c5 30. Rd7 Rc7 31. bxc5 Rxd7 32. Qxd7 Qxd7 33. Rxd7 f6 34. Be3 Rc8 35. Rxa7 Bf8 36. Bxc4+ bxc4 37. Ra4 f5 38. exf5 gxf5 39. Rxc4 f4 40. Bc1 Kf7 41. Ra4 Bxc5 42. Ba3 Kg6 43. Kg2 Kf5 44. h5 Bxa3 45. Rxa3 e4 46. h6 f3+ 47. Kf1 Rc6 48. Ra5+ Kg4 49. Ke1 Rxh6 50. Kd2 Kf4 51. Ra8 Rd6+ 52. Kc2 1/2-1/2

[Event "Penang op 11th"]
[Site "Penang"]
[Date "2019.12.09"]
[Round "1"]
[White "Saravanan, Durga"]
[Black "Looi, Xin Hao"]
[Result "0-1"]
[WhiteElo "1547"]
[BlackElo "2075"]
[PlyCount "136"]
[EventDate "2019.12.09"]
[EventType "swiss"]
[EventRounds "9"]
[EventCountry "MAS"]
[SourceTitle "CBM 193 Extra"]
[Source "ChessBase"]
[SourceDate "2020.01.31"]
[SourceVersion "1"]
[SourceVersionDate "2020.01.31"]
[SourceQuality "1"]

1. d4 Nf6 2. c4 g6 3. Nc3 Bg7 4. Nf3 0-0 5. Bg5 d6 6. e3 c6 7. Be2 Qa5 8. Qd2 Bg4 9. Bxf6 Bxf6 10. Ne4 Qf5 11. Nxf6+ Qxf6 12. 0-0 Nd7 13. h3 Bf5 14. g4 Be4 15. Ne1 g5 16. f3 Bg6 17. Bd3 e5 18. Bc2 Rfe8 19. Rd1 Rad8 20. Ng2 Qg7 21. Kf2 exd4 22. exd4 Bxc2 23. Qxc2 Re6 24. Ne3 Rde8 25. Nf5 Qf6 26. Rfe1 Nf8 27. Rxe6 fxe6 28. Ng3 Ng6 29. Nh5 Qf7 30. Qd2 Rf8 31. Qe3 h6 32. b3 a5 33. Rd3 b5 34. cxb5 cxb5 35. a3 b4 36. axb4 axb4 37. Qd2 Nh4 38. Qe2 e5 39. dxe5 dxe5 40. Qe4 Qa7+ 41. Ke2 Qa2+ 42. Kd1 Qb1+ 43. Kd2 Nxf3+ 44. Rxf3 Qxe4 45. Nf6+ Rxf6 46. Rxf6 Qg2+ 47. Ke3 Qxh3+ 48. Rf3 Qxg4 49. Kf2 e4 50. Re3 h5 51. Rg3 Qf4+ 52. Kg2 h4 53. Rh3 Qg4+ 54. Kh2 Qxh3+ 55. Kxh3 e3 56. Kg2 h3+ 57. Kf3 h2 58. Kxe3 h1Q 59. Kd4 g4 60. Kc4 Qe4+ 61. Kb5 g3 62. Ka4 g2 63. Kb5 g1R 64. Ka4 Qc6+ 65. Kxb4 Rg4+ 66. Ka3 Qc5+ 67. Kb2 Rg2+ 68. Ka1 Qg1# 0-1

[Event "Belt and Road Hunan op-B"]
[Site "Changsha"]
[Date "2019.07.31"]
[Round "4"]
[White "Bai, Xue"]
[Black "Looi, Xin Hao"]
[Result "1/2-1/2"]
[WhiteElo "2029"]
[BlackElo "2147"]
[PlyCount "61"]
[EventDate "2019.07.29"]
[EventType "swiss"]
[EventRounds "9"]
[EventCountry "CHN"]
[SourceTitle "EXT 2020"]
[Source "ChessBase"]
[SourceDate "2019.10.17"]
[SourceVersion "1"]
[SourceVersionDate "2019.10.17"]
[SourceQuality "1"]

1. e4 c6 2. Nc3 d5 3. Nf3 Nf6 4. e5 Ne4 5. Nxe4 dxe4 6. Ng5 Qd5 7. Qe2 Bf5 8. g4 Bg6 9. Bg2 Qxe5 10. Nxe4 Nd7 11. d3 Bxe4 12. Qxe4 e6 13. Qxe5 Nxe5 14. h3 Bb4+ 15. Ke2 0-0-0 16. Be3 Kc7 17. c3 Be7 18. Bf4 Bd6 19. Bxe5 Bxe5 20. d4 Bf4 21. Rad1 h5 22. Be4 g5 23. Bf3 h4 24. Rhe1 Rhe8 25. Kf1 Rd7 26. Rd3 Red8 27. Red1 b6 28. b3 Rd6 29. Be4 Rf8 30. Bf3 Rfd8 31. Be4 1/2-1/2

[Event "Belt and Road Hunan op-B"]
[Site "Changsha"]
[Date "2019.07.30"]
[Round "2"]
[White "Ashomkin, Maksim"]
[Black "Looi, Xin Hao"]
[Result "1/2-1/2"]
[WhiteElo "2018"]
[BlackElo "2147"]
[PlyCount "55"]
[EventDate "2019.07.29"]
[EventType "swiss"]
[EventRounds "9"]
[EventCountry "CHN"]
[SourceTitle "EXT 2020"]
[Source "ChessBase"]
[SourceDate "2019.10.17"]
[SourceVersion "1"]
[SourceVersionDate "2019.10.17"]
[SourceQuality "1"]

1. Nf3 d5 2. c4 c6 3. g3 Nf6 4. Bg2 Bg4 5. 0-0 e6 6. d4 Nbd7 7. b3 Bd6 8. Bb2 0-0 9. Nbd2 a5 10. Ne5 Bh5 11. h3 Bg6 12. Nxg6 hxg6 13. e4 dxe4 14. Nxe4 Nxe4 15. Bxe4 a4 16. Re1 Nf6 17. Bg2 Bb4 18. Re3 a3 19. Bc3 Bxc3 20. Rxc3 Qa5 21. Rd3 Rfd8 22. Rb1 Qb4 23. Qe1 Qxe1+ 24. Rxe1 Rd6 25. Red1 Kf8 26. Kf1 Rad8 27. Ke2 Ke7 28. Ke3 1/2-1/2

[Event "Ho Chi Minh City HD Bank op 9th"]
[Site "Ho Chi Minh City"]
[Date "2019.03.12"]
[Round "8"]
[White "Looi, Xin Hao"]
[Black "Nguyen, Hoang Duc"]
[Result "1-0"]
[WhiteElo "2138"]
[BlackElo "2066"]
[PlyCount "77"]
[EventDate "2019.03.07"]
[EventType "swiss"]
[EventRounds "9"]
[EventCountry "VIE"]
[SourceTitle "CBM 189 Extra"]
[Source "ChessBase"]
[SourceDate "2019.06.03"]
[SourceVersion "1"]
[SourceVersionDate "2019.06.03"]
[SourceQuality "1"]

1. e4 e6 2. d4 b6 3. Nc3 Bb7 4. Nf3 d6 5. Bd3 c5 6. 0-0 cxd4 7. Nxd4 Nf6 8. Bg5 Nbd7 9. Qe2 a6 10. Kh1 Be7 11. f4 Nc5 12. Qe1 Nfd7 13. Qh4 Bxg5 14. fxg5 Qe7 15. g6 fxg6 16. Qh3 e5 17. Nde2 Nf6 18. Bc4 b5 19. Nd5 Bxd5 20. Bxd5 Nxd5 21. exd5 Ne4 22. g4 Nf6 23. g5 Ne4 24. Qg2 Nxg5 25. Nd4 Nf7 26. Ne6 Nd8 27. Ng5 Kd7 28. c4 Kc7 29. c5 Kb8 30. c6 h6 31. Ne4 g5 32. Qf2 Kc7 33. a4 bxa4 34. Nc3 Re8 35. Nxa4 e4 36. Qb6+ Kc8 37. Qe3 Rb8 38. c7 Rb7 39. Rac1 1-0

[Event "Penang op 10th"]
[Site "Penang"]
[Date "2018.12.07"]
[Round "8"]
[White "Lee, Care Greene"]
[Black "Looi, Xin Hao"]
[Result "0-1"]
[WhiteElo "1596"]
[BlackElo "2177"]
[PlyCount "90"]
[EventDate "2018.12.03"]
[EventType "swiss"]
[EventRounds "9"]
[EventCountry "MAS"]
[SourceTitle "CBM 187 Extra"]
[Source "ChessBase"]
[SourceDate "2018.11.04"]
[SourceVersion "1"]
[SourceVersionDate "2018.11.04"]
[SourceQuality "1"]

1. e4 c5 2. Nf3 a6 3. c3 d5 4. exd5 Qxd5 5. d4 e6 6. g3 Nf6 7. Bg2 cxd4 8. Qxd4 Nc6 9. Qxd5 Nxd5 10. b3 Be7 11. Bg5 f6 12. Bc1 Kf7 13. Bb2 Rd8 14. Nbd2 e5 15. 0-0-0 Be6 16. h4 Rac8 17. Kb1 Na5 18. Rc1 b5 19. Bh3 Bxh3 20. Rxh3 Nb7 21. Ne4 a5 22. Rhh1 a4 23. Rc2 Na5 24. b4 Nc4 25. Rd1 h6 26. Ned2 Ndb6 27. Rcc1 a3 28. Nxc4 Nxc4 29. Ba1 Rxd1 30. Rxd1 Rd8 31. Rxd8 Bxd8 32. Ne1 e4 33. Nc2 Bb6 34. Nd4 Bxd4 35. cxd4 Ke6 36. Kc2 Kd5 37. Bc3 h5 38. Kd1 Nb6 39. Bd2 Kc4 40. Bf4 Nd5 41. Bd6 Nc3+ 42. Kc2 Nxa2 43. Bf8 Nxb4+ 44. Kb1 g6 45. Bg7 f5 0-1

[Event "Penang op 10th"]
[Site "Penang"]
[Date "2018.12.06"]
[Round "6"]
[White "Khandhar, Kaushal"]
[Black "Looi, Xin Hao"]
[Result "1-0"]
[WhiteElo "1878"]
[BlackElo "2177"]
[PlyCount "87"]
[EventDate "2018.12.03"]
[EventType "swiss"]
[EventRounds "9"]
[EventCountry "MAS"]
[SourceTitle "CBM 187 Extra"]
[Source "ChessBase"]
[SourceDate "2018.11.04"]
[SourceVersion "1"]
[SourceVersionDate "2018.11.04"]
[SourceQuality "1"]

1. d4 Nf6 2. Bf4 e6 3. Nf3 c5 4. e3 b6 5. c3 Bb7 6. h3 Be7 7. Bd3 0-0 8. Nbd2 cxd4 9. cxd4 Nd5 10. Bh2 Nb4 11. Be2 N8c6 12. a3 Nd5 13. e4 Nf6 14. Bd3 Rc8 15. 0-0 Re8 16. Rc1 Bf8 17. Re1 d6 18. b4 e5 19. d5 Nb8 20. Bg3 Nh5 21. Bh2 Nf6 22. Bg3 Qd7 23. Qe2 Rxc1 24. Rxc1 Rc8 25. Qd1 g6 26. Ne1 Nh5 27. Nf1 Bh6 28. Rxc8+ Qxc8 29. Qc2 Kg7 30. f3 Nxg3 31. Nxg3 a5 32. Qxc8 Bxc8 33. Kf2 axb4 34. axb4 Bg5 35. Ke2 Bh4 36. Nf1 Bxe1 37. Kxe1 Na6 38. Bxa6 Bxa6 39. Ne3 Kf6 40. Kf2 Bd3 41. g4 Kg5 42. Kg3 f5 43. gxf5 gxf5 44. Nxf5 1-0

[Event "Penang Mini op1st"]
[Site "Penang"]
[Date "2018.06.16"]
[Round "7"]
[White "Looi, Xin Hao"]
[Black "Lioe, Dede"]
[Result "0-1"]
[WhiteElo "2066"]
[BlackElo "2337"]
[PlyCount "94"]
[EventDate "2018.06.13"]
[EventType "swiss"]
[EventRounds "9"]
[EventCountry "MAS"]
[SourceTitle "CBM 184 Extra"]
[Source "ChessBase"]
[SourceDate "2018.06.28"]
[SourceVersion "1"]
[SourceVersionDate "2018.06.28"]
[SourceQuality "1"]

1. d4 Nf6 2. Nf3 e6 3. Nbd2 c5 4. e3 cxd4 5. exd4 b6 6. Bd3 Bb7 7. 0-0 Be7 8. Qe2 d6 9. Re1 0-0 10. c3 Nbd7 11. Nf1 Re8 12. a4 Rb8 13. Ng3 Qc7 14. Bb5 Rec8 15. Bf4 Bc6 16. Ba6 Re8 17. Bb5 Nf8 18. Bxc6 Qxc6 19. Ne4 Nd5 20. Bg3 f5 21. Ned2 g5 22. h4 g4 23. Ng5 Bxg5 24. hxg5 Ng6 25. Qb5 Qc7 26. Qc4 Qe7 27. Qxd5 exd5 28. Rxe7 Nxe7 29. Bxd6 Rbd8 30. Be5 Ng6 31. f4 Nxe5 32. dxe5 d4 33. c4 h6 34. gxh6 Re6 35. Kf2 Rxh6 36. b4 Kf7 37. a5 Rd7 38. axb6 Rxb6 39. b5 a6 40. bxa6 Ra7 41. Ra5 Rbxa6 42. Rd5 Ra1 43. Rxd4 R7a3 44. Rd7+ Ke8 45. Rb7 R1a2 46. Rb8+ Ke7 47. Rb7+ Kd8 0-1

[Event "Penang Mini op1st"]
[Site "Penang"]
[Date "2018.06.15"]
[Round "5"]
[White "Looi, Xin Hao"]
[Black "Tan, Hong Ghee"]
[Result "1/2-1/2"]
[WhiteElo "2066"]
[BlackElo "1872"]
[PlyCount "112"]
[EventDate "2018.06.13"]
[EventType "swiss"]
[EventRounds "9"]
[EventCountry "MAS"]
[SourceTitle "CBM 184 Extra"]
[Source "ChessBase"]
[SourceDate "2018.06.28"]
[SourceVersion "1"]
[SourceVersionDate "2018.06.28"]
[SourceQuality "1"]

1. c4 Nf6 2. Nf3 c5 3. b3 Nc6 4. Bb2 e6 5. g3 Be7 6. Bg2 0-0 7. 0-0 d5 8. cxd5 exd5 9. d4 b6 10. e3 Be6 11. Nbd2 Rc8 12. Ne5 cxd4 13. Nxc6 Rxc6 14. Bxd4 Bc5 15. Rc1 Rc8 16. Bb2 Qe7 17. Qe2 Ba3 18. Nf3 Ne4 19. Nd4 Bxb2 20. Qxb2 Qd7 21. Rfd1 Rxc1 22. Rxc1 Rc8 23. b4 a6 24. Nxe6 Rxc1+ 25. Qxc1 Qxe6 26. Qc7 h6 27. a4 Qf6 28. Bxe4 dxe4 29. a5 bxa5 30. bxa5 Qe6 31. h4 h5 32. Qb6 Qc4 33. Kg2 g6 34. Qb7 Kg7 35. Qe7 Kg8 36. g4 hxg4 37. Kg3 Qd5 38. Qg5 Qd6+ 39. Kxg4 Qd1+ 40. Kf4 Qf3+ 41. Ke5 Qxf2 42. Kxe4 Qc2+ 43. Kd5 Qc7 44. Kd4 Qd6+ 45. Kc4 Qc6+ 46. Kd3 Qd6+ 47. Ke2 Kh7 48. e4 f6 49. Qe3 Qe5 50. Qa7+ Kh6 51. Qxa6 Qxe4+ 52. Kd1 Qxh4 53. Qb6 Qa4+ 54. Ke2 Qc2+ 55. Ke1 Qc1+ 56. Ke2 Qc2+ 1/2-1/2

[Event "Hanoi HD Bank op-A 8th"]
[Site "Hanoi"]
[Date "2018.03.12"]
[Round "4"]
[White "Xu, Zhihang"]
[Black "Looi, Xin Hao"]
[Result "1-0"]
[WhiteElo "2364"]
[BlackElo "2104"]
[PlyCount "69"]
[EventDate "2018.03.10"]
[EventType "swiss"]
[EventRounds "9"]
[EventCountry "VIE"]
[SourceTitle "CBM 183 Extra"]
[Source "ChessBase"]
[SourceDate "2018.04.19"]
[SourceVersion "1"]
[SourceVersionDate "2018.04.19"]
[SourceQuality "1"]

1. Nf3 d5 2. c4 c6 3. d4 e6 4. e3 Nf6 5. Nbd2 Nbd7 6. Bd3 Bd6 7. 0-0 0-0 8. e4 dxe4 9. Nxe4 Nxe4 10. Bxe4 h6 11. Bc2 Re8 12. Qd3 Nf8 13. b3 b6 14. Bb2 Bb7 15. Rad1 Qc7 16. c5 Be7 17. Ne5 Bf6 18. Ng4 Bg5 19. Qc3 f5 20. Ne5 Bf6 21. b4 Rad8 22. Rfe1 b5 23. Bb3 Kh7 24. Bc1 g5 25. Bc2 Bc8 26. Qh3 Bxe5 27. dxe5 Qg7 28. Rd6 Rxd6 29. exd6 g4 30. Qh5 Rd8 31. h3 Qg6 32. Qxg6+ Nxg6 33. hxg4 fxg4 34. Re4 h5 35. Re5 1-0

[Event "Hanoi HD Bank op-A 8th"]
[Site "Hanoi"]
[Date "2018.03.11"]
[Round "3"]
[White "Looi, Xin Hao"]
[Black "Cao, Sang"]
[Result "0-1"]
[WhiteElo "2104"]
[BlackElo "2381"]
[PlyCount "99"]
[EventDate "2018.03.10"]
[EventType "swiss"]
[EventRounds "9"]
[EventCountry "VIE"]
[SourceTitle "CBM 183 Extra"]
[Source "ChessBase"]
[SourceDate "2018.04.19"]
[SourceVersion "1"]
[SourceVersionDate "2018.04.19"]
[SourceQuality "1"]

1. e4 c5 2. Nf3 Nc6 3. Bb5 g6 4. Bxc6 dxc6 5. d3 Bg7 6. h3 b6 7. Nc3 e5 8. Be3 Qd6 9. Qd2 h6 10. Nh2 Be6 11. 0-0-0 0-0-0 12. f3 f5 13. Qf2 Nf6 14. Rhe1 f4 15. Bd2 g5 16. a4 Kb7 17. Nb1 Qd4 18. Qe2 Qxa4 19. Bc3 Nd7 20. b3 Qa6 21. Bb2 b5 22. Nc3 Qb6 23. Kd2 a5 24. Ra1 Ra8 25. Reb1 Kc7 26. Nd1 h5 27. Kc1 Bf6 28. Nf2 Ra6 29. Nf1 Rha8 30. Nd1 a4 31. bxa4 Rxa4 32. Rxa4 Rxa4 33. Nd2 Ra8 34. Ra1 Rxa1+ 35. Bxa1 Qa7 36. Bb2 Be7 37. c4 b4 38. Nb3 Bd6 39. Qf2 Qa4 40. Qc2 g4 41. hxg4 hxg4 42. fxg4 Bxg4 43. Nf2 Be6 44. Nd2 Qa8 45. Qd1 Be7 46. Nf3 Kd6 47. Kc2 Bf6 48. Qh1 Qg8 49. Qf1 Nb6 50. Kb3 0-1

[Event "Penang op-A 9th"]
[Site "Penang"]
[Date "2017.12.08"]
[Round "8"]
[White "Sivakumar, Ashvin"]
[Black "Looi, Xin Hao"]
[Result "0-1"]
[WhiteElo "2285"]
[BlackElo "2083"]
[PlyCount "100"]
[EventDate "2017.12.04"]
[EventType "swiss"]
[EventRounds "9"]
[EventCountry "MAS"]
[SourceTitle "CBM 182 Extra"]
[Source "ChessBase"]
[SourceDate "2018.02.23"]
[SourceVersion "1"]
[SourceVersionDate "2018.02.23"]
[SourceQuality "1"]

1. d4 d5 2. c4 e6 3. Nf3 c6 4. e3 Nf6 5. Bd3 Nbd7 6. 0-0 Bd6 7. b3 e5 8. Nfd2 0-0 9. Nc3 e4 10. Be2 a6 11. a4 Qe7 12. Qc2 Re8 13. c5 Bc7 14. b4 Nf8 15. Re1 Ng4 16. Nf1 Qh4 17. g3 Qf6 18. Bd1 h5 19. Qe2 Nh7 20. f3 exf3 21. Qxf3 Qg6 22. Ra2 Ng5 23. Qg2 Nf6 24. Bc2 Bf5 25. Bxf5 Qxf5 26. Kh1 Re6 27. Rf2 Qd3 28. Nd1 Nfe4 29. Rb2 Rf6 30. Nf2 Qc3 31. Nxe4 Nxe4 32. Rd1 Re8 33. Kg1 h4 34. Qc2 hxg3 35. hxg3 Qxc2 36. Rxc2 Bxg3 37. Nxg3 Nxg3 38. Rg2 Nf5 39. Rd3 Nh4 40. Rf2 Nf3+ 41. Kf1 Re4 42. Ke2 Rh4 43. Rd1 g5 44. Rff1 g4 45. e4 Nxd4+ 46. Kd3 Rxf1 47. Rxf1 Nb3 48. Bf4 Rh3+ 49. Kc2 Nd4+ 50. Kd2 dxe4 0-1